| 000 | 00530cam a22002171 4500 | ||
|---|---|---|---|
| 001 | sa 68002649 | ||
| 003 | DLC | ||
| 005 | 20260227112445.0 | ||
| 008 | 900130q19601968ii 000 1 telo | ||
| 010 | _asa 68002649 | ||
| 035 | _a(OCoLC)20974752 | ||
| 040 |
_aDLC _cWaU _dDLC |
||
| 042 | _apremarc | ||
| 050 | 0 | 0 |
_aPL4780.9.S639 _bD3 |
| 100 | 0 | _aŚrīmūrti. | |
| 245 | 1 | 0 | _aDaivōpahatuḍu. |
| 260 |
_aAmalapuram, _bV. G. S. Publishers _c[196-] |
||
| 300 |
_a114 p. _c18 cm. |
||
| 500 | _aIn Telugu. | ||
| 500 | _aA novel. | ||
| 999 |
_c78892 _d78892 |
||